[Event "PRO League Group Stage"]
[Site "masterchessopen.com chess.com INT"]
[Date "2017.02.22"]
[Round "7"]
[White "Tan,Ju2"]
[Black "Carlstedt,J"]
[Result "1-0"]
[WhiteElo "2451"]
[BlackElo "2413"]

1.e4 e5 2.Nf3 Nc6 3.Bb5 a6 4.Ba4 Nf6 5.O-O Bc5 6.c3 b5 7.Bb3 d6 8.a4 Bg4 9.d3
b4 10.Nbd2 Rb8 11.h3 Bh5 12.a5 O-O 13.Bc4 Qc8 14.Re1 Ne7 15.Nf1 bxc3 16.bxc3
Ng6 17.Bg5 Rb2 18.N1d2 h6 19.Be3 Nh4 20.Qc1 Bxe3 21.Qxb2 Bxf3 22.Nxf3 Nxf3+
23.gxf3 Bg5 24.Kg2 Nh5 25.Rh1 Kh8 26.h4 Be7 27.Kf1 f5 28.Ke2 fxe4 29.dxe4 Qd8
30.Bxa6 Bxh4 31.Ra3 Qf6 32.c4 d5 33.Bb7 d4 34.Kf1 Qg5 35.Rg1 Qf4 36.a6 Be7
37.a7 Bxa3 38.Qxa3 d3 39.Qxf8+ Qxf8 40.a8=R Qxa8 41.Bxa8 Nf4 42.Ke1 {#r} 1-0

[Event "PRO League Group Stage"]
[Site "masterchessopen.com chess.com INT"]
[Date "2017.02.22"]
[Round "7"]
[White "Breckenridge,S"]
[Black "Banik,Siddharth G"]
[Result "1-0"]
[WhiteElo "2239"]
[BlackElo "2154"]

1.e4 e5 2.Nf3 Nc6 3.Bc4 Bc5 4.b4 Bxb4 5.c3 Ba5 6.d4 d6 7.Qb3 Qd7 8.dxe5 Bb6
9.a4 Na5 10.Qa2 Nxc4 11.Qxc4 Qe6 12.Qd3 dxe5 13.a5 Bc5 14.Qb5+ Qc6 15.Qxc6+
bxc6 16.Nxe5 Nf6 17.f3 O-O 18.Ba3 Bxa3 19.Nxa3 Rb8 20.Nxc6 Rb2 21.O-O Bb7
22.Ne7+ Kh8 23.Rfb1 Rxb1+ 24.Rxb1 Ba8 25.Nf5 g6 26.Nd4 a6 27.Nc4 Rd8 28.Kf2
Kg7 29.Ke3 Nd7 30.Rd1 Kf8 31.Ne5 Ke8 32.Ndc6 Bxc6 33.Nxc6 Ra8 34.Rb1 Nc5
35.Kd4 Ne6+ 36.Ke5 Kd7 37.Rb8 Rxb8 38.Nxb8+ Ke7 39.Kd5 Nf4+ 40.Kc6 Nxg2
41.Nxa6 Ne1 42.f4 Nd3 43.Nxc7 Nxf4 44.Nd5+ Nxd5 45.exd5 f5 46.a6 f4 47.a7 f3
48.a8=Q f2 49.Qa7+ {#r} 1-0

[Event "PRO League Group Stage"]
[Site "masterchessopen.com chess.com INT"]
[Date "2017.02.22"]
[Round "7"]
[White "Troff,Kayden W"]
[Black "Haining,Kyle"]
[Result "1-0"]
[WhiteElo "2511"]
[BlackElo "2195"]

1.d4 g6 2.c4 Bg7 3.Nf3 Nf6 4.Nc3 O-O 5.e4 d6 6.Be2 c5 7.O-O Re8 8.h3 cxd4
9.Nxd4 b6 10.Be3 Bb7 11.Qc2 Nbd7 12.Rfd1 Nc5 13.Bf3 Qd7 14.Rac1 Rad8 15.e5
dxe5 16.Nc6 Bxc6 17.Rxd7 Bxd7 18.Bxc5 bxc5 19.Rd1 Rb8 20.Qe2 Be6 21.b3 Nd7
22.Nb5 a5 23.Nc7 Red8 24.Nxe6 fxe6 25.Qd2 a4 26.Bc6 axb3 27.Bxd7 Kf8 28.axb3
Rb7 29.Kf1 Rbxd7 30.Qxd7 Rxd7 31.Rxd7 e4 32.Rd8+ Kf7 33.Ke2 Bd4 34.b4 e5 35.b5
{#r} 1-0

[Event "PRO League Group Stage"]
[Site "masterchessopen.com chess.com INT"]
[Date "2017.02.22"]
[Round "7"]
[White "Kiewra,K"]
[Black "Brown,Michael William"]
[Result "0-1"]
[WhiteElo "2429"]
[BlackElo "2452"]

1.c4 e5 2.g3 Nc6 3.Bg2 g6 4.Nc3 Bg7 5.d3 d6 6.e4 Nf6 7.Nge2 O-O 8.O-O Nh5 9.f4
exf4 10.gxf4 f5 11.Be3 fxe4 12.dxe4 Bg4 13.Qd5+ Kh8 14.Ng3 Qh4 15.Nxh5 Bxh5
16.Qd2 Rae8 17.Rae1 g5 18.fxg5 Ne5 19.Bd4 c5 20.Bf2 Rxf2 21.Rxf2 Ng4 22.e5
Qxh2+ 23.Kf1 Nxf2 {#R} 0-1

[Event "PRO League Group Stage"]
[Site "masterchessopen.com chess.com INT"]
[Date "2017.02.22"]
[Round "7"]
[White "Arkell,K"]
[Black "Pruijssers,R"]
[Result "0-1"]
[WhiteElo "2438"]
[BlackElo "2502"]

1.d4 f5 2.g3 Nf6 3.Bg2 g6 4.Nd2 Bg7 5.e4 fxe4 6.Nxe4 Nxe4 7.Bxe4 d5 8.Bg2 Nc6
9.c3 e5 10.Be3 exd4 11.cxd4 O-O 12.Ne2 Bg4 13.Qb3 Bxe2 14.Qxd5+ Kh8 15.Qxd8
Raxd8 16.Bxc6 Ba6 17.Be4 Bxd4 18.Bxd4+ Rxd4 19.f3 Rfd8 20.Kf2 Rd2+ 21.Ke3 Rxb2
22.h4 Re2+ 23.Kf4 Rf8+ 24.Kg4 b6 25.h5 gxh5+ 26.Kxh5 Rg8 27.g4 Bc8 28.g5 Bd7
29.Rad1 Be6 30.Kh6 Rxe4 31.fxe4 Bg4 {#R} 0-1

[Event "PRO League Group Stage"]
[Site "masterchessopen.com chess.com INT"]
[Date "2017.02.22"]
[Round "7"]
[White "Viswanadha,Kesav"]
[Black "Akobian,V"]
[Result "0-1"]
[WhiteElo "2372"]
[BlackElo "2633"]

1.e4 c6 2.d4 d5 3.e5 Bf5 4.Nf3 e6 5.Be2 Nd7 6.O-O Ne7 7.Nbd2 h6 8.Nb3 Nc8 9.a4
a5 10.Bd2 Be7 11.c4 dxc4 12.Bxc4 O-O 13.Qe1 Ncb6 14.Be2 Nd5 15.Nxa5 Qb6 16.Nc4
Qb3 17.a5 b5 18.axb6 N7xb6 19.Na5 Qxb2 20.Nxc6 Rfc8 21.Nxe7+ Nxe7 22.Rxa8 Rxa8
23.Bc3 Qb3 24.Bb4 Ned5 25.Bc5 Ra2 26.Bxb6 Nxb6 27.Qd1 Qc3 28.Re1 Qb2 29.Kh1
Qb4 30.Bd3 Bxd3 31.Qxd3 Rxf2 32.Rb1 Rb2 33.Rxb2 Qxb2 34.h3 Nd5 35.Qe4 Qf2
36.Kh2 Ne3 37.Nh4 Nf1+ {#R} 0-1

[Event "PRO League Group Stage"]
[Site "masterchessopen.com chess.com INT"]
[Date "2017.02.22"]
[Round "7"]
[White "Beerdsen,Thomas"]
[Black "Arkell,K"]
[Result "0-1"]
[WhiteElo "2413"]
[BlackElo "2438"]

1.e4 c6 2.d4 d5 3.f3 e6 4.Nc3 Bb4 5.Bd3 Ne7 6.Ne2 Nd7 7.O-O O-O 8.a3 Ba5 9.Kh1
Bc7 10.Qe1 Ng6 11.e5 c5 12.f4 c4 13.Bxg6 fxg6 14.Rf3 a6 15.a4 Rb8 16.Nd1 b5
17.Ne3 b4 18.g4 a5 19.Qg3 Nb6 20.Bd2 c3 21.bxc3 Ba6 22.Rf2 bxc3 23.Bxc3 Nc4
24.Rg1 Qd7 25.f5 exf5 26.gxf5 Nxe3 27.Qxe3 Rxf5 28.Ng3 Rxf2 29.Qxf2 Rf8 30.Qg2
Bc4 31.Nf1 Qxa4 32.Ne3 Qc6 33.h4 Bd8 34.h5 Rf4 35.Ng4 gxh5 36.Nh2 Rf7 37.Nf3
h6 38.Bd2 Kh7 39.Kh2 Qe6 40.Be3 Ba6 41.Nd2 a4 42.Qg3 Be2 43.Ra1 h4 44.Qg2 Bb5
45.c3 Be7 46.c4 dxc4 47.Qe4+ Qf5 48.Qd5 Bd7 49.Rf1 Qh3+ 50.Kg1 Qxe3+ {#R} 0-1

[Event "PRO League Group Stage"]
[Site "masterchessopen.com chess.com INT"]
[Date "2017.02.22"]
[Round "7"]
[White "Beerdsen,Thomas"]
[Black "Roberson,P"]
[Result "1-0"]
[WhiteElo "2413"]
[BlackElo "2401"]

1.e4 c6 2.d4 d5 3.f3 dxe4 4.fxe4 e5 5.Nf3 Bg4 6.Bc4 Nd7 7.O-O Ngf6 8.c3 Bd6
9.h3 Bh5 10.Bg5 O-O 11.Nbd2 Qc7 12.Qe1 Bg6 13.Nh4 Rfe8 14.Nxg6 hxg6 15.Kh1 b5
16.Bb3 c5 17.dxc5 Bxc5 18.Qg3 a5 19.Bxf6 Nxf6 20.Rxf6 gxf6 21.Qxg6+ Kf8
22.Qxf6 Rad8 23.Rf1 Rd7 24.Bxf7 Rxf7 25.Qh8+ Ke7 26.Rxf7+ Kxf7 27.Qh7+ Kf8
28.Qxc7 {#r} 1-0

[Event "PRO League Group Stage"]
[Site "masterchessopen.com chess.com INT"]
[Date "2017.02.22"]
[Round "7"]
[White "Stremavicius,T"]
[Black "Hilby,Craig"]
[Result "1-0"]
[WhiteElo "2468"]
[BlackElo "2334"]

1.d4 Nf6 2.c4 g6 3.Nc3 d5 4.Nf3 Bg7 5.Bg5 Ne4 6.cxd5 Nxg5 7.Nxg5 e6 8.Nf3 exd5
9.e3 O-O 10.Bd3 b6 11.O-O c5 12.Rc1 Nc6 13.Bb5 Ne7 14.Be2 Be6 15.dxc5 bxc5
16.Na4 c4 17.Nd4 Qa5 18.b3 cxb3 19.axb3 Rfc8 20.Nxe6 fxe6 21.Bg4 Nf5 22.Qd3
Qb4 23.Bxf5 gxf5 24.Qa6 Re8 25.Rc6 Qxb3 26.Nc5 Qc4 27.Nxe6 Qxa6 28.Rxa6 Rec8
29.g3 Bc3 30.Rd1 Rab8 31.Rxd5 Rb1+ 32.Kg2 Be1 33.Rxf5 Rb6 34.Rxb6 axb6 35.g4
h6 36.h4 Rc2 37.Nd4 Rb2 38.g5 hxg5 39.hxg5 b5 40.Kf1 Bc3 41.Nxb5 {#r} 1-0

[Event "PRO League Group Stage"]
[Site "masterchessopen.com chess.com INT"]
[Date "2017.02.22"]
[Round "7"]
[White "Della Morte,G"]
[Black "Cheng,Bi"]
[Result "0-1"]
[WhiteElo "2375"]
[BlackElo "2397"]

1.e4 d5 2.exd5 Qxd5 3.Nc3 Qd6 4.d4 c6 5.Nf3 Nf6 6.g3 g6 7.Bg2 Bg7 8.O-O O-O
9.h3 Bf5 10.Re1 Re8 11.a3 Qd8 12.Bf4 Na6 13.Be5 Qb6 14.b4 Nd5 15.Na4 Qd8 16.c4
Nb6 17.Nb2 Bh6 18.g4 Be6 19.Qe2 f6 20.Bg3 Bf7 21.Rad1 Nc7 22.h4 Ne6 23.g5 fxg5
24.Ne5 Nf4 25.Qf3 Rf8 26.Bxf4 gxf4 27.Bh3 Kh8 28.h5 gxh5 29.Kh2 Bg6 30.Rg1 Rf6
31.d5 Qc7 32.Nbd3 cxd5 33.c5 Nc4 34.Qxd5 f3 35.Kh1 Nxe5 36.Nxe5 Bf4 37.Nxg6+
hxg6 38.Qxf3 Bh2 39.Qe3 Bxg1 40.Qh6+ Kg8 41.Rxg1 Qc6+ 42.Bg2 Qe6 43.Qg5 Rd8
44.Bf1 Rd4 {#R} 0-1

[Event "PRO League Group Stage"]
[Site "masterchessopen.com chess.com INT"]
[Date "2017.02.22"]
[Round "7"]
[White "Sambuev,B"]
[Black "Villanueva,Mar"]
[Result "1-0"]
[WhiteElo "2539"]
[BlackElo "2425"]

1.d4 Nf6 2.Nf3 g6 3.Bg5 Bg7 4.Nbd2 d5 5.e3 Nbd7 6.Be2 O-O 7.O-O c5 8.c3 b6
9.Qa4 Bb7 10.Rfd1 a6 11.Qa3 Re8 12.c4 cxd4 13.exd4 dxc4 14.Nxc4 Ne4 15.Bh4 Bf6
16.Bxf6 Ndxf6 17.Nfe5 Rc8 18.Qb3 Nd5 19.Ne3 Nef6 20.Bf3 e6 21.a4 Kg7 22.N3c4
Qe7 23.Qa3 b5 24.axb5 axb5 25.Nd6 b4 26.Nxe8+ Qxe8 27.Qa4 Qe7 28.h3 Rc7
29.Rac1 Nf4 30.Rxc7 Qxc7 31.Qxb4 Bxf3 32.Nxf3 N6d5 33.Qd2 Qb7 34.Rb1 Qb3
35.Qd1 Qb5 36.Qd2 Qb3 37.Ra1 Nxh3+ 38.gxh3 Qxf3 39.Ra3 Qf5 40.Qe2 Kh6 41.Rf3
Nf4 42.Qe3 g5 43.Qe5 Qb1+ 44.Kh2 Kg6 45.Rg3 Qf5 46.Qxf5+ Kxf5 47.b4 Nd5 48.b5
Ke4 49.Rxg5 Kxd4 50.Rg7 {#r} 1-0

[Event "PRO League Group Stage"]
[Site "masterchessopen.com chess.com INT"]
[Date "2017.02.22"]
[Round "7"]
[White "Van der Lende,I"]
[Black "Degraeve,JM"]
[Result "1-0"]
[WhiteElo "2315"]
[BlackElo "2591"]

1.e4 e5 2.Nf3 Nc6 3.d4 exd4 4.Nxd4 Bb4+ 5.Nc3 Nge7 6.Bg5 O-O 7.Nxc6 bxc6 8.Bd3
f6 9.Bd2 d6 10.O-O Be6 11.Ne2 Bxd2 12.Qxd2 Qb8 13.b4 a5 14.bxa5 Qa7 15.a6 Bc8
16.Bc4+ Kh8 17.Nd4 Bxa6 18.Bxa6 Qxa6 19.Ne6 Rfc8 20.Qc3 Qa3 21.Qxa3 Rxa3
22.Rfb1 Ra7 23.a4 Kg8 24.f4 g6 25.e5 Kf7 26.exf6 Kxf6 27.Nd4 Rca8 28.Re1 Rxa4
29.Re6+ Kf7 30.Rae1 Nd5 31.Nxc6 Rxf4 32.Ne7 Nb6 33.Nc6 Nd5 34.Ne7 Nf6 35.Nc6
Ng8 36.h3 Ra1 37.Nd8+ Kg7 38.Rxa1 {#r} 1-0

[Event "PRO League Group Stage"]
[Site "masterchessopen.com chess.com INT"]
[Date "2017.02.22"]
[Round "7"]
[White "Lampert,J"]
[Black "Harvey,Marcus R"]
[Result "1-0"]
[WhiteElo "2510"]
[BlackElo "2275"]

1.d4 Nf6 2.c4 e6 3.Nc3 Bb4 4.g3 O-O 5.Bg2 d5 6.Nf3 c5 7.dxc5 Bxc5 8.O-O dxc4
9.Qxd8 Rxd8 10.Ne5 a6 11.Bf4 Nd5 12.Rfd1 Re8 13.Nxd5 exd5 14.Bxd5 Be6 15.Bxe6
fxe6 16.Nxc4 Nc6 17.Nd6 Bxd6 18.Rxd6 e5 19.Be3 Rad8 20.Rad1 Rxd6 21.Rxd6 Kf7
22.f3 Rd8 23.Rxd8 Nxd8 24.Kf2 Ke6 25.Bd2 e4 26.fxe4 Nf7 27.Bc3 g6 28.Ke3 Nd6
29.Kf4 Nf7 30.Ke3 Nd6 31.Kd4 b6 32.a4 Nb7 33.b4 Nd8 34.Kc4 Nf7 35.e5 Nh6
36.Bd4 b5+ 37.axb5 axb5+ 38.Kxb5 Kd5 39.e3 Ng4 40.Ka6 {#r} 1-0

[Event "PRO League Group Stage"]
[Site "masterchessopen.com chess.com INT"]
[Date "2017.02.22"]
[Round "7"]
[White "Eleup,Magzhan"]
[Black "Oberholzer,Francois"]
[Result "0-1"]
[WhiteElo "2107"]
[BlackElo "2034"]

1.d4 Nf6 2.c4 c5 3.d5 e6 4.Nc3 exd5 5.cxd5 d6 6.e4 g6 7.f4 Bg7 8.Nf3 O-O 9.Be2
Re8 10.e5 Nfd7 11.e6 fxe6 12.dxe6 Nb6 13.f5 gxf5 14.Bg5 Bf6 15.Bxf6 Qxf6
16.O-O Rxe6 17.Nd5 Nxd5 18.Qxd5 Kh8 19.Bc4 Re8 20.Rae1 Rf8 21.g4 Nc6 22.g5 Qg6
23.Rd1 f4 24.Nh4 Qh5 25.Rxf4 Be6 26.Rxf8+ Rxf8 27.Qxd6 Qxg5+ 28.Kh1 Rd8
29.Qxd8+ Nxd8 30.Rxd8+ Qxd8 {#R} 0-1

[Event "PRO League Group Stage"]
[Site "masterchessopen.com chess.com INT"]
[Date "2017.02.22"]
[Round "7"]
[White "Eleup,Magzhan"]
[Black "Makoto,R"]
[Result "0-1"]
[WhiteElo "2107"]
[BlackElo "2403"]

1.d4 Nf6 2.c4 e6 3.Nf3 d5 4.Nc3 Bb4 5.Bg5 O-O 6.e3 c5 7.cxd5 exd5 8.Nd2 cxd4
9.exd4 Re8+ 10.Be2 Bxc3 11.bxc3 Qe7 12.Be3 Be6 13.O-O Nbd7 14.Bd3 Rac8 15.Rc1
Qd6 16.h3 Rc7 17.Qf3 Qa3 18.Bf4 Rc6 19.Bb1 Rec8 20.Nb3 a5 21.Be5 a4 22.Bxf6
axb3 23.Bxh7+ Kxh7 24.Qh5+ Kg8 25.Bxg7 Kxg7 26.Rce1 bxa2 27.f4 Qxc3 28.f5
Qxd4+ 29.Kh1 Bxf5 30.Rxf5 Rg6 31.Ref1 Nf6 32.Rxf6 Qxf6 33.Rxf6 a1=Q+ {#R} 0-1

[Event "PRO League Group Stage"]
[Site "masterchessopen.com chess.com INT"]
[Date "2017.02.22"]
[Round "7"]
[White "Harvey,Marcus R"]
[Black "Carlstedt,J"]
[Result "1-0"]
[WhiteElo "2275"]
[BlackElo "2413"]

1.Nf3 d5 2.b3 Nf6 3.Bb2 Bg4 4.e3 Nbd7 5.Be2 c6 6.O-O Bxf3 7.Bxf3 e5 8.c4 Bd6
9.cxd5 cxd5 10.Nc3 e4 11.Be2 O-O 12.Nb5 Be5 13.Nd4 Re8 14.Rc1 a6 15.d3 Nf8
16.dxe4 dxe4 17.Qc2 Ng6 18.Rfd1 Qb8 19.h3 Rc8 20.Qb1 Rxc1 21.Rxc1 Qd8 22.Nf5
Qd7 23.Bxe5 Nxe5 24.Ng3 Rc8 25.Rxc8+ Qxc8 26.Nxe4 Nd5 27.Qb2 f6 28.f4 Nf7
29.Bc4 Qc6 30.Qd4 Nc7 31.Nd6 Kf8 32.Nxf7 b5 33.Nd8 Qe8 34.Ne6+ Nxe6 35.Qd6+
Kf7 36.Qxe6+ Qxe6 37.Bxe6+ Kxe6 38.e4 Kd6 39.Kf2 Kc5 40.Ke3 h6 41.a3 a5 42.Kd3
h5 43.h4 g6 44.g3 f5 45.e5 Kd5 46.b4 a4 47.Ke3 {#r} 1-0

[Event "PRO League Group Stage"]
[Site "masterchessopen.com chess.com INT"]
[Date "2017.02.22"]
[Round "7"]
[White "Studen,D"]
[Black "Feng,Maggie"]
[Result "0-1"]
[WhiteElo "2223"]
[BlackElo "2164"]

1.d4 d5 2.c4 dxc4 3.Nf3 c5 4.d5 e6 5.e4 exd5 6.exd5 Bd6 7.Bxc4 Nf6 8.Nc3 a6
9.a4 O-O 10.O-O h6 11.h3 Bf5 12.Qb3 Qc7 13.a5 Nbd7 14.Be3 Rab8 15.Qd1 Rfe8
16.Qd2 Rbd8 17.Rfc1 Ne4 18.Qd1 Bf4 19.Qb3 Bxe3 20.fxe3 Bxh3 21.d6 Nxd6 22.Nd5
Qb8 23.Nf4 Nxc4 24.Rxc4 Bf5 25.Rc3 Ne5 26.Rxc5 Nxf3+ 27.gxf3 Be6 28.Qc3 Rc8
29.Nh5 f6 30.Nf4 Bf7 31.Rc1 Rxc5 32.Qxc5 Qd8 33.Qc3 Qd6 34.Kf2 g5 35.Ne2 Qh2+
36.Ke1 Qh1+ 37.Kf2 Qh2+ 38.Ke1 Qh4+ 39.Kd2 Rd8+ 40.Kc2 Qf2 41.Re1 Qxf3 42.Nd4
Qe4+ 43.Kd2 Bg6 44.b4 h5 45.Qc4+ Kh8 46.Kc3 Rxd4 47.Qc8+ Kh7 48.Qc7+ Kh6
49.exd4 Qc2# 0-1

[Event "PRO League Group Stage"]
[Site "masterchessopen.com chess.com INT"]
[Date "2017.02.22"]
[Round "7"]
[White "Olape,B"]
[Black "Collins,S IRL"]
[Result "0-1"]
[WhiteElo "2165"]
[BlackElo "2455"]

1.e4 e5 2.Nf3 Nc6 3.Bb5 a6 4.Ba4 Nf6 5.O-O Be7 6.Re1 b5 7.Bb3 O-O 8.c3 d6 9.d3
Na5 10.Bc2 c5 11.Nbd2 Nc6 12.Nf1 Re8 13.Ng3 Bf8 14.Nh4 g6 15.Nf3 Bg7 16.h3 d5
17.Qe2 d4 18.cxd4 Nxd4 19.Nxd4 Qxd4 20.Bb3 Be6 21.Be3 Qd6 22.Rac1 Nd7 23.Bxe6
Qxe6 24.b3 Bf8 25.f4 exf4 26.Bxf4 Ne5 27.Be3 Red8 28.Red1 Rac8 29.Nf1 Qd6
30.d4 cxd4 31.Rxc8 Rxc8 32.Rxd4 Qe6 33.Rd5 Nd7 34.Bd4 Bc5 35.Bxc5 Nxc5 36.Nd2
f5 37.Rd4 Re8 38.e5 Qxe5 39.Qxe5 Rxe5 40.Kf2 Kf7 41.Nf3 Re7 42.Rd6 Ne4+ {#R}
0-1

[Event "PRO League Group Stage"]
[Site "masterchessopen.com chess.com INT"]
[Date "2017.02.22"]
[Round "7"]
[White "Brown,Michael William"]
[Black "Kiewra,K"]
[Result "1-0"]
[WhiteElo "2452"]
[BlackElo "2429"]

1.Nf3 c5 2.e4 d6 3.Bb5+ Bd7 4.Bxd7+ Qxd7 5.O-O Nf6 6.Re1 Nc6 7.c3 e6 8.d4 cxd4
9.cxd4 d5 10.e5 Ne4 11.Be3 Rc8 12.Nbd2 Nxd2 13.Nxd2 Be7 14.a3 O-O 15.b4 Rc7
16.Nb3 Rfc8 17.Qd2 b6 18.Rec1 Nb8 19.Rxc7 Rxc7 20.Rc1 Rc4 21.Qd3 Qb5 22.Rc3
Nc6 23.Nd2 Bxb4 24.axb4 Nxb4 25.Rxc4 dxc4 26.Qxc4 Qxc4 27.Nxc4 Nc6 28.Kf1 b5
29.Nd6 b4 30.Ke2 a5 31.Kd3 {#r} 1-0

[Event "PRO League Group Stage"]
[Site "masterchessopen.com chess.com INT"]
[Date "2017.02.22"]
[Round "7"]
[White "Brown,Michael William"]
[Black "Javakhadze,Z"]
[Result "0-1"]
[WhiteElo "2452"]
[BlackElo "2468"]

1.d4 Nf6 2.c4 e6 3.Nc3 d5 4.cxd5 Nxd5 5.Nf3 Nxc3 6.bxc3 c5 7.e3 Be7 8.Bd3 O-O
9.O-O Nc6 10.Rb1 b6 11.Qe2 Bb7 12.Rd1 Qc7 13.Bb2 Rac8 14.h3 Rfd8 15.Rbc1 Qb8
16.Bb1 Na5 17.Ne5 g6 18.Qg4 Bf6 19.Nf3 cxd4 20.cxd4 Rxc1 21.Rxc1 Rc8 22.Rxc8+
Qxc8 23.Qf4 Qd8 24.h4 Nc4 25.Bc3 Bxf3 26.Qxf3 Bxh4 27.Qc6 Nd6 28.e4 Be7 29.d5
exd5 30.exd5 Bf6 31.Bb4 Be5 32.g3 Qf6 33.Kg2 h5 34.f4 Bxf4 35.gxf4 Qb2+ 36.Kf3
Qxb4 37.Bd3 a5 38.a4 Qc5 39.Qa8+ Kg7 40.f5 Qd4 41.Ke2 gxf5 42.Qd8 Qg4+ 43.Kd2
Qf4+ 44.Kc2 h4 45.Qxb6 h3 46.Qg1+ Qg4 47.Qh2 Qg2+ {#R} 0-1

[Event "PRO League Group Stage"]
[Site "masterchessopen.com chess.com INT"]
[Date "2017.02.22"]
[Round "7"]
[White "Gorozhanin,M"]
[Black "Kunte,A"]
[Result "1-0"]
[WhiteElo "2408"]
[BlackElo "2491"]

1.d4 Nf6 2.Bf4 g6 3.e3 Bg7 4.c3 d6 5.Nf3 O-O 6.h3 c5 7.Nbd2 b6 8.Be2 Bb7 9.O-O
a6 10.a4 Nbd7 11.Bh2 Ra7 12.Qb1 Qa8 13.Rc1 Ne4 14.Nc4 Bc6 15.b4 Rc8 16.Bd3 Bd5
17.a5 b5 18.Nb6 Nxb6 19.axb6 c4 20.bxa7 cxd3 21.Qxd3 Qxa7 22.Qxb5 Nxc3 23.Rxc3
{#r} 1-0

[Event "PRO League Group Stage"]
[Site "masterchessopen.com chess.com INT"]
[Date "2017.02.22"]
[Round "7"]
[White "Gorozhanin,M"]
[Black "Mohammad,Nubairshah Shaikh"]
[Result "0-1"]
[WhiteElo "2408"]
[BlackElo "2412"]

1.d4 d5 2.Bf4 Nf6 3.e3 g6 4.c3 Bg7 5.Nd2 O-O 6.h3 b6 7.Ngf3 c5 8.a4 Nc6 9.Be2
Nd7 10.Bh2 e5 11.dxc5 e4 12.Bb5 exf3 13.Bxc6 fxg2 14.Rg1 Nxc5 15.Nb3 Nxb3
16.Qxb3 Be6 17.Bxa8 Qxa8 18.Qd1 Bxh3 19.Bf4 Re8 20.f3 Qd8 21.Kf2 Qh4+ 22.Bg3
Qg5 23.Qd2 h5 24.Rae1 Bf6 25.Re2 h4 26.Bf4 Qf5 27.e4 dxe4 28.fxe4 Rxe4 29.Rxe4
Qxe4 30.Re1 Qf5 31.Kg1 g5 32.Be3 Qf1+ 33.Kh2 Be5+ 34.Kxh3 Qf3# 0-1

[Event "PRO League Group Stage"]
[Site "masterchessopen.com chess.com INT"]
[Date "2017.02.22"]
[Round "7"]
[White "Milanovic,Da"]
[Black "Kantans,T"]
[Result "1-0"]
[WhiteElo "2502"]
[BlackElo "2456"]

1.d4 Nf6 2.c4 g6 3.f3 c5 4.d5 Bg7 5.e4 d6 6.Nc3 e6 7.Bg5 h6 8.Be3 exd5 9.cxd5
O-O 10.Qd2 Re8 11.Nge2 h5 12.Nf4 a6 13.a4 Nbd7 14.Be2 Ne5 15.O-O c4 16.a5 g5
17.Nh3 Bxh3 18.gxh3 Nh7 19.Kh1 Qf6 20.Rf2 Ng6 21.Bxc4 Rac8 22.Bf1 Nh4 23.Bg2
Rc4 24.Rg1 Rb4 25.Qc1 Rc8 26.Bf1 Rxb2 27.Qxb2 Rxc3 28.Qe2 Rb3 29.f4 Qe7 30.e5
dxe5 31.fxg5 e4 32.g6 fxg6 33.d6 {#r} 1-0

[Event "PRO League Group Stage"]
[Site "masterchessopen.com chess.com INT"]
[Date "2017.02.22"]
[Round "7"]
[White "Villanueva,Mar"]
[Black "Noritsyn,N"]
[Result "0-1"]
[WhiteElo "2425"]
[BlackElo "2468"]

1.e4 e5 2.Nf3 d6 3.d4 exd4 4.Nxd4 Nf6 5.Nc3 Be7 6.g3 Nc6 7.Nxc6 bxc6 8.Bg2 O-O
9.O-O Bg4 10.f3 Be6 11.b3 d5 12.e5 Nd7 13.f4 f5 14.Ne2 Nc5 15.Nd4 Qd7 16.Ba3
Ne4 17.Bxe7 Qxe7 18.Kh1 Bd7 19.c4 Rad8 20.Qc2 c5 21.Ne2 d4 22.Rad1 a5 23.g4
Qh4 24.gxf5 Nf2+ 25.Rxf2 Bxf5 26.Be4 Bxe4+ 27.Qxe4 Qxf2 28.e6 Rde8 29.Rg1 Qe3
30.Qg2 g6 {#R} 0-1

[Event "PRO League Group Stage"]
[Site "masterchessopen.com chess.com INT"]
[Date "2017.02.22"]
[Round "7"]
[White "Wang,Jason"]
[Black "Studen,D"]
[Result "1-0"]
[WhiteElo "2006"]
[BlackElo "2223"]

1.d4 d5 2.c4 c6 3.e3 Nf6 4.Nc3 e6 5.Nf3 Nbd7 6.Qc2 Bd6 7.b3 O-O 8.Be2 b6 9.O-O
Bb7 10.Bb2 Qe7 11.Rad1 c5 12.cxd5 Nxd5 13.Nxd5 Bxd5 14.e4 Bb7 15.d5 exd5
16.exd5 a6 17.a4 Rae8 18.Rfe1 Qd8 19.Bc4 Qc7 20.h3 Kh8 21.Ng5 f5 22.Ne6 Bh2+
23.Kh1 Rxe6 24.dxe6 Nf6 25.Bxf6 gxf6 26.Rd7 Bxg2+ 27.Kxg2 Rg8+ 28.Kh1 Qf4
29.Bd5 Bg3 30.Rg1 Qh4 31.fxg3 {#r} 1-0

[Event "PRO League Group Stage"]
[Site "masterchessopen.com chess.com INT"]
[Date "2017.02.22"]
[Round "7"]
[White "Gunnarsson,J"]
[Black "Lapite,Oluwadurotimi"]
[Result "1-0"]
[WhiteElo "2450"]
[BlackElo "2067"]

1.e4 c6 2.Nf3 d5 3.Nc3 Bg4 4.h3 Bxf3 5.Qxf3 Nf6 6.e5 Nfd7 7.d4 e6 8.Qg3 c5
9.dxc5 Nc6 10.Bf4 Qa5 11.O-O-O a6 12.Kb1 Qxc5 13.Be2 b5 14.Bf3 Nd4 15.Bg4 Nxc2
16.Rc1 Nb4 17.Rhd1 Be7 18.a3 a5 19.axb4 axb4 20.Nxd5 Qa7 21.Nc7+ Kf8 22.Nxa8
Nc5 23.Rxc5 Bxc5 24.Rd8+ Ke7 25.Bg5+ f6 26.exf6+ gxf6 27.Bxf6+ Kxf6 28.Qh4+
Ke5 29.Qg5+ Ke4 30.f3# 1-0

[Event "PRO League Group Stage"]
[Site "masterchessopen.com chess.com INT"]
[Date "2017.02.22"]
[Round "7"]
[White "Akinseye,Abiola"]
[Black "Moran,S"]
[Result "1-0"]
[WhiteElo "2200"]
[BlackElo "2158"]

1.e4 e6 2.d4 d5 3.Nc3 Nf6 4.Bd3 dxe4 5.Nxe4 Be7 6.Nf3 O-O 7.O-O b6 8.Nxf6+
Bxf6 9.Be4 c6 10.Bf4 Bb7 11.Ne5 Qc8 12.Qf3 a5 13.Rfe1 Ra7 14.Re3 c5 15.Bxh7+
Kxh7 16.Qh5+ Kg8 17.Rh3 Bh4 18.Rxh4 {#r} 1-0

[Event "PRO League Group Stage"]
[Site "masterchessopen.com chess.com INT"]
[Date "2017.02.22"]
[Round "7"]
[White "Edouard,R"]
[Black "Kollars,Dmitrij"]
[Result "1-0"]
[WhiteElo "2616"]
[BlackElo "2500"]

1.d4 Nf6 2.c4 g6 3.g3 Bg7 4.Bg2 O-O 5.Nc3 d6 6.Nf3 Nc6 7.O-O e5 8.dxe5 Nxe5
9.Nxe5 dxe5 10.Qxd8 Rxd8 11.Bg5 Rd4 12.Be3 Rd7 13.Nb5 Ng4 14.Bc5 Bf8 15.Bxf8
Kxf8 16.Rfd1 c6 17.Nd6 Rc7 18.c5 Be6 19.Rd3 Nf6 20.b4 Nd5 21.b5 Nb4 22.Rd2
cxb5 23.a3 Nc6 24.Nxb5 Rd7 25.Rd6 Nd8 26.Rxd7 Bxd7 27.Nd6 Rb8 28.Rb1 Ke7
29.Kf1 b5 30.cxb6 Be6 31.Nb7 axb6 32.Rxb6 e4 33.Bxe4 Bc8 34.a4 Bxb7 35.a5 Kd7
36.Bxb7 Kc7 37.Bd5 Rxb6 38.axb6+ Kxb6 39.e4 Kc5 40.Ke2 Kd4 41.h4 h6 42.f3 g5
43.h5 f5 44.g4 fxg4 45.fxg4 Ke5 46.Ke3 Kf6 47.Kd4 {#r} 1-0

[Event "PRO League Group Stage"]
[Site "masterchessopen.com chess.com INT"]
[Date "2017.02.22"]
[Round "7"]
[White "Cunningham,R"]
[Black "Paragua,M"]
[Result "0-1"]
[WhiteElo "2263"]
[BlackElo "2492"]

1.e4 c5 2.Nf3 d6 3.d4 cxd4 4.Qxd4 Nc6 5.Bb5 Qd7 6.Qd3 a6 7.Bxc6 bxc6 8.c4 e5
9.Nc3 Nf6 10.c5 a5 11.Bg5 Ba6 12.Qd2 Qe6 13.cxd6 Bxd6 14.O-O-O Rd8 15.Qe3 O-O
16.Qb6 Bb5 17.Bxf6 Qxf6 18.Nxb5 cxb5 19.Kb1 Qg6 20.Qxb5 Qxg2 21.Qe2 Qg4
22.Rhg1 Qf4 23.Rd5 Bb4 24.Rgd1 Rxd5 25.Rxd5 f5 26.Nxe5 fxe4 27.a3 Be7 28.Qc4
Kh8 29.Rxa5 Qxf2 30.Ra8 g6 31.Rxf8+ Bxf8 32.Qxe4 Qf6 33.Nd7 Qf1+ 34.Ka2 Qf7+
35.Kb1 Qxd7 36.Qe5+ Kg8 {#R} 0-1

[Event "PRO League Group Stage"]
[Site "masterchessopen.com chess.com INT"]
[Date "2017.02.22"]
[Round "7"]
[White "Mohammad,Nubairshah Shaikh"]
[Black "Yatzenko,A"]
[Result "1-0"]
[WhiteElo "2412"]
[BlackElo "2361"]

1.d4 Nf6 2.c4 e6 3.Nc3 Bb4 4.Qc2 O-O 5.e4 d5 6.e5 Ne4 7.Bd3 c5 8.Ne2 Nxf2
9.Kxf2 cxd4 10.a3 Ba5 11.Nb5 f6 12.Bxh7+ Kh8 13.Rd1 fxe5+ 14.Kg1 Qh4 15.Bg6
dxc4 16.Qxc4 Nc6 17.Nd6 Bd7 18.Ne4 Bd8 19.N2g3 Be7 20.Qe2 Rac8 21.Bd2 d3
22.Qxd3 Nd4 23.Rf1 Bb5 24.Rxf8+ Bxf8 25.Qe3 Nc2 26.Rc1 Bc5 27.Qxc5 Rxc5 28.Bg5
Nd4 29.Rxc5 Ne2+ 30.Kf2 {#r} 1-0